[Event "1. Bl. 0607"]
[Site "?"]
[Date "2007.03.10"]
[Round "10.5"]
[White "Duer, Werner"]
[Black "Watzka, Horst"]
[Result "1/2-1/2"]
[WhiteElo "2265"]
[BlackElo "2316"]
[PlyCount "24"]
[EventDate "2006.11.03"]
[EventType "team"]
[EventRounds "11"]
[EventCountry "AUT"]
[WhiteTeam "SpG Absam / ISK"]
[BlackTeam "SpG Holz Dohr   Semriach"]

1. d4 Nf6 2. Nf3 g6 3. g3 Bg7 4. Bg2 O-O 5. O-O d6 6. c4 c6 7. Nc3 Qa5 8. Qc2
e5 9. Rd1 Re8 10. e4 Nbd7 11. d5 cxd5 12. cxd5 a6 1/2-1/2

[Event "1. Bl. 0607"]
[Site "?"]
[Date "2007.03.10"]
[Round "10.6"]
[White "Wegerer, Fred"]
[Black "Gerhold, Michael"]
[Result "1-0"]
[WhiteElo "2235"]
[BlackElo "2218"]
[PlyCount "67"]
[EventDate "2006.11.03"]
[EventType "team"]
[EventRounds "11"]
[EventCountry "AUT"]
[WhiteTeam "SpG Holz Dohr   Semriach"]
[BlackTeam "SpG Absam / ISK"]

1. Nf3 d5 2. d4 Nf6 3. Nbd2 g6 4. e3 Bg7 5. Bd3 O-O 6. O-O Nbd7 7. c4 dxc4 8.
Nxc4 c5 9. h3 b6 10. Qe2 Bb7 11. Rd1 Qc7 12. Bd2 Rac8 13. Rac1 Qb8 14. b4 cxd4
15. exd4 Qa8 16. Ne1 Be4 17. Bg5 Bxd3 18. Nxd3 Qd5 19. Nde5 e6 20. Ne3 Qb7 21.
b5 Nxe5 22. dxe5 Ne4 23. Qf3 Bxe5 24. Bh6 Bg7 25. Bxg7 Kxg7 26. Ng4 f5 27. Ne5
Rxc1 28. Rxc1 Rc8 29. Rd1 Rc7 30. Qe3 Qc8 31. Qd4 Kg8 32. Nc6 Rxc6 33. Qd8+ Kg7
34. Rd7+ 1-0

[Event "1. Bl. 0607"]
[Site "?"]
[Date "2007.03.10"]
[Round "10.2"]
[White "Lehner, Oliver"]
[Black "Likavsky, Tomas"]
[Result "0-1"]
[WhiteElo "2415"]
[BlackElo "2492"]
[PlyCount "64"]
[EventDate "2006.11.03"]
[EventType "team"]
[EventRounds "11"]
[EventCountry "AUT"]
[WhiteTeam "SK Sparkasse Jenbach"]
[BlackTeam "ASVOe Wulkaprodersdorf"]

1. Nf3 Nf6 2. c4 c5 3. Nc3 Nc6 4. g3 d5 5. cxd5 Nxd5 6. Bg2 Nc7 7. a3 e5 8. b4
f6 9. O-O cxb4 10. axb4 Bxb4 11. Qa4 O-O 12. Ba3 a5 13. Nb5 Na6 14. d4 exd4 15.
Rfd1 Nc5 16. Qc2 d3 17. exd3 Bxa3 18. Nxa3 Qe7 19. d4 Ne4 20. Re1 f5 21. d5 Nb4
22. Qc4 Qf6 23. Rad1 Kh8 24. Rd4 b6 25. Qc7 Ba6 26. d6 Nd3 27. Rf1 Ndc5 28.
Qxb6 Bxf1 29. Bxf1 Rab8 30. Qxa5 Nb3 31. Qd5 Nxd4 32. Nxd4 Qxd6 0-1

[Event "1. Bl. 0607"]
[Site "?"]
[Date "2007.03.10"]
[Round "10.3"]
[White "Polzin, Rainer"]
[Black "Stangl, Markus"]
[Result "1-0"]
[WhiteElo "2470"]
[BlackElo "2465"]
[PlyCount "77"]
[EventDate "2006.11.03"]
[EventType "team"]
[EventRounds "11"]
[EventCountry "AUT"]
[WhiteTeam "ASVOe Wulkaprodersdorf"]
[BlackTeam "SK Sparkasse Jenbach"]

1. e4 c5 2. Nc3 d6 3. f4 Nf6 4. Nf3 a6 5. g3 g6 6. Bg2 Bg7 7. d3 Nc6 8. O-O Bg4
9. h3 Bxf3 10. Qxf3 Nd4 11. Qf2 O-O 12. Nd1 Rc8 13. c3 Nc6 14. g4 b5 15. g5 Nd7
16. h4 b4 17. h5 bxc3 18. bxc3 Qa5 19. hxg6 hxg6 20. Bd2 Qb5 21. Qg3 Rb8 22.
Rf2 Qa4 23. Qh3 Rfd8 24. Ne3 Rb2 25. e5 e6 26. Ng4 dxe5 27. Nh6+ Kf8 28. Nxf7
Rxd2 29. Bxc6 Rd1+ 30. Rxd1 Qxd1+ 31. Rf1 Qxf1+ 32. Kxf1 Kxf7 33. f5 gxf5 34.
Qh5+ Ke7 35. Qh7 Kd6 36. Qxg7 Kxc6 37. Qe7 Kc7 38. g6 Rb8 39. g7 1-0

[Event "1. Bl. 0607"]
[Site "?"]
[Date "2007.03.10"]
[Round "10.4"]
[White "Reich, Thomas"]
[Black "Sommerbauer, Norbert"]
[Result "1/2-1/2"]
[WhiteElo "2433"]
[BlackElo "2463"]
[PlyCount "138"]
[EventDate "2006.11.03"]
[EventType "team"]
[EventRounds "11"]
[EventCountry "AUT"]
[WhiteTeam "SK Sparkasse Jenbach"]
[BlackTeam "ASVOe Wulkaprodersdorf"]

1. d4 Nf6 2. c4 e6 3. Nf3 b6 4. g3 Bb7 5. Bg2 Be7 6. O-O O-O 7. Nc3 Ne4 8. Bd2
d6 9. d5 Nxd2 10. Qxd2 Bf6 11. Rac1 a5 12. e3 Bxc3 13. Rxc3 e5 14. e4 Bc8 15.
Ne1 Nd7 16. Nd3 Nc5 17. Nxc5 bxc5 18. f4 Bd7 19. fxe5 dxe5 20. Ra3 a4 21. h4
Qb8 22. Kh2 Qb4 23. Rc3 Ra6 24. Rf2 Rb6 25. Qg5 f6 26. Qe3 Rfb8 27. Bh3 Bxh3
28. Kxh3 Qa5 29. Rcc2 h6 30. Rg2 Kh7 31. Qf2 Kh8 32. Kh2 Ra6 33. Kh1 Rab6 34.
Qe3 Kh7 35. g4 Rf8 36. Rcf2 Kg8 37. Rg3 Rbb8 38. Rgf3 Qb6 39. Kg2 Qd6 40. Qd3
Qd7 41. Kg3 Qd6 42. Qd1 Qd7 43. Ra3 Rb4 44. b3 axb3 45. axb3 Rfb8 46. Rf3 Qd6
47. Rd3 R4b7 48. Qf3 Qb6 49. Qf2 Ra7 50. Rxa7 Qxa7 51. g5 fxg5 52. hxg5 Rb6 53.
Rf3 Qa1 54. Rf8+ Kh7 55. Qf5+ Rg6 56. Rh8+ Kxh8 57. Qxg6 Qg1+ 58. Kh3 Qxg5 59.
Qxg5 hxg5 60. Kg4 g6 61. b4 cxb4 62. c5 b3 63. d6 cxd6 64. cxd6 b2 65. d7 b1=Q
66. d8=Q+ Kg7 67. Qe7+ Kg8 68. Qe8+ Kh7 69. Qf7+ Kh6 1/2-1/2

[Event "1. Bl. 0607"]
[Site "?"]
[Date "2007.03.10"]
[Round "10.2"]
[White "Baramidze, David"]
[Black "Wukits, Rene"]
[Result "0-1"]
[WhiteElo "2561"]
[BlackElo "2298"]
[PlyCount "48"]
[EventDate "2006.11.03"]
[EventType "team"]
[EventRounds "11"]
[EventCountry "AUT"]
[WhiteTeam "SK Hohenems"]
[BlackTeam "SV Tschaturanga Neubau"]

1. e4 c5 2. Nf3 d6 3. d4 cxd4 4. Nxd4 Nf6 5. Nc3 g6 6. Bc4 Bg7 7. O-O O-O 8.
Re1 Nc6 9. Nb3 a5 10. Bb5 Be6 11. Bg5 Qc7 12. Qd2 Ne5 13. Nd4 Nc4 14. Nxe6 fxe6
15. Bxc4 Qxc4 16. Rad1 Ng4 17. Bxe7 Rxf2 18. Qxd6 Be5 19. Qb6 Bxh2+ 20. Kh1 Be5
21. Qxb7 Rb8 22. Qa7 Rf7 23. Re2 Rbf8 24. g3 Bxc3 0-1

[Event "1. Bl. 0607"]
[Site "?"]
[Date "2007.03.10"]
[Round "10.3"]
[White "Schwaninger, Wolfgang"]
[Black "Atlas, Valeri"]
[Result "0-1"]
[WhiteElo "2210"]
[BlackElo "2488"]
[PlyCount "68"]
[EventDate "2006.11.03"]
[EventType "team"]
[EventRounds "11"]
[EventCountry "AUT"]
[WhiteTeam "SV Tschaturanga Neubau"]
[BlackTeam "SK Hohenems"]

1. d4 Nf6 2. Nf3 b6 3. g3 Bb7 4. Bg2 e6 5. O-O Be7 6. c4 Na6 7. Nc3 O-O 8. a3
d5 9. Ne5 c5 10. e3 Qc7 11. Nb5 Qb8 12. cxd5 exd5 13. b3 Nc7 14. Qe2 Ne6 15.
Rd1 a6 16. Nc3 Qc7 17. Bb2 Rad8 18. Rac1 Qb8 19. Na4 Qa7 20. h4 Rfe8 21. Rc2
Bd6 22. Ng4 Ne4 23. Bxe4 dxe4 24. d5 Nf8 25. Nf6+ gxf6 26. Qg4+ Ng6 27. Bxf6
Bc8 28. Qg5 Be7 29. d6 h6 30. Qxh6 Bxf6 31. h5 Bg7 32. Qg5 Ne5 33. Kg2 Qd7 34.
Rh1 Qg4 0-1

[Event "1. Bl. 0607"]
[Site "?"]
[Date "2007.03.10"]
[Round "10.5"]
[White "Lenz, Alarich"]
[Black "Novkovic, Milan"]
[Result "0-1"]
[WhiteElo "2213"]
[BlackElo "2415"]
[PlyCount "74"]
[EventDate "2006.11.03"]
[EventType "team"]
[EventRounds "11"]
[EventCountry "AUT"]
[WhiteTeam "SV Tschaturanga Neubau"]
[BlackTeam "SK Hohenems"]

1. c4 e6 2. d4 Nf6 3. Nc3 c5 4. d5 exd5 5. cxd5 d6 6. Nf3 g6 7. Bf4 a6 8. a4
Bg7 9. e4 O-O 10. Be2 Bg4 11. O-O Re8 12. h3 Nxe4 13. hxg4 Bxc3 14. Qc2 Bh8 15.
Bh2 Nf6 16. g5 Nxd5 17. Bc4 Nb4 18. Qb3 Qc7 19. Rad1 Rd8 20. Nd2 N8c6 21. Ne4
Na5 22. Qh3 Nxc4 23. Nf6+ Bxf6 24. gxf6 Kh8 25. Qh6 Rg8 26. Rfe1 Qd8 27. Re7
Qf8 28. Qh4 b5 29. Bf4 g5 30. Qh5 Rg6 31. Bxg5 Nc6 32. Rde1 Qg8 33. f4 Nxe7 34.
fxe7 Re8 35. Qh4 Rxg5 36. fxg5 Qg7 37. Qh3 Ne5 0-1

[Event "1. Bl. 0607"]
[Site "?"]
[Date "2007.03.10"]
[Round "10.6"]
[White "Gaertner, Guntram"]
[Black "Zsifkovits, Robert"]
[Result "1/2-1/2"]
[WhiteElo "2300"]
[BlackElo "2172"]
[PlyCount "160"]
[EventDate "2006.11.03"]
[EventType "team"]
[EventRounds "11"]
[EventCountry "AUT"]
[WhiteTeam "SK Hohenems"]
[BlackTeam "SV Tschaturanga Neubau"]

1. d4 Nf6 2. c4 e6 3. Nc3 Bb4 4. Bg5 c5 5. d5 d6 6. e3 Qe7 7. Nf3 Nbd7 8. Be2
Nf8 9. Nd2 h6 10. Bxf6 gxf6 11. dxe6 Bxe6 12. Qa4+ Bd7 13. Qc2 Bxc3 14. Qxc3
Bc6 15. Bf3 Bxf3 16. gxf3 O-O-O 17. Ne4 Nh7 18. O-O-O Ng5 19. Nxf6 Nxf3 20. Nd5
Qd7 21. Qf6 Ne5 22. b3 Qe6 23. Rhg1 h5 24. Rg7 Rh6 25. Qe7 Qd7 26. f4 Ng4 27.
h3 Nf2 28. Rf1 Nd3+ 29. Kd2 Nb4 30. Qxd7+ Rxd7 31. Nxb4 cxb4 32. Rg5 f6 33.
Rg8+ Kc7 34. Ke2 Rhh7 35. Rfg1 d5 36. cxd5 Rxd5 37. R1g7+ Rxg7 38. Rxg7+ Kc8
39. Rg8+ Kd7 40. Rg7+ Ke6 41. Rxb7 Ra5 42. Rxb4 Rxa2+ 43. Kf3 Rh2 44. Kg3 Re2
45. Re4+ Kf5 46. Re7 a6 47. Kf3 Rb2 48. e4+ Kg6 49. Rb7 a5 50. Rb5 Rb1 51. Kg3
Rg1+ 52. Kh4 Rf1 53. Kg3 Rg1+ 54. Kf2 Rb1 55. h4 Ra1 56. f5+ Kg7 57. Rb7+ Kg8
58. Ke3 a4 59. bxa4 Rxa4 60. Rc7 Rb4 61. Kd3 Ra4 62. Rc4 Ra1 63. Kd4 Rd1+ 64.
Kc5 Kf7 65. Rd4 Rc1+ 66. Kd6 Rh1 67. e5 fxe5 68. Kxe5 Re1+ 69. Re4 Rf1 70. Re3
Rh1 71. Ra3 Rxh4 72. Ra7+ Kg8 73. f6 Rh1 74. Kf5 h4 75. Rg7+ Kf8 76. Ra7 h3 77.
Ra8+ Kf7 78. Ra7+ Kf8 79. Ra8+ Kf7 80. Ra7+ Kf8 1/2-1/2

[Event "1. Bl. 0607"]
[Site "?"]
[Date "2007.03.10"]
[Round "10.1"]
[White "Gyimesi, Zoltan"]
[Black "Pavasovic, Dusko"]
[Result "1-0"]
[WhiteElo "2611"]
[BlackElo "2575"]
[PlyCount "91"]
[EventDate "2006.11.03"]
[EventType "team"]
[EventRounds "11"]
[EventCountry "AUT"]
[WhiteTeam "Union Ansfelden"]
[BlackTeam "SK KlZtg MPOe Maria Saal"]

1. d4 d5 2. c4 e6 3. Nf3 Nf6 4. Nc3 c6 5. Bg5 dxc4 6. e4 b5 7. e5 h6 8. Bh4 g5
9. exf6 gxh4 10. Ne5 Qxf6 11. a4 Bb7 12. axb5 cxb5 13. Bxc4 Bd6 14. Bxb5+ Ke7
15. O-O Rg8 16. g3 Bxe5 17. dxe5 Qxe5 18. Re1 Qf5 19. Re3 hxg3 20. hxg3 Rd8 21.
Qb3 Qc5 22. Rae1 Rd6 23. Re5 Qb6 24. Qb4 Nd7 25. Qh4+ f6 26. Bxd7 Rxd7 27. Ne4
Bxe4 28. R5xe4 Rd6 29. Rb4 Qc6 30. Qxh6 Rf8 31. Rg4 Rf7 32. Ra1 a6 33. Re1 Qc2
34. Rb4 Qc6 35. Qh8 Rd8 36. Qh4 Rd5 37. Rb8 Rb5 38. Rh8 Rxb2 39. Qd4 Qb6 40.
Rxe6+ Kxe6 41. Re8+ Re7 42. Qe4+ Kd6 43. Qxe7+ Kd5 44. Rd8+ Kc4 45. Qe4+ Kb3
46. Rd3+ 1-0

[Event "1. Bl. 0607"]
[Site "?"]
[Date "2007.03.10"]
[Round "10.5"]
[White "Stanec, Nikolaus"]
[Black "Diermair, Andreas"]
[Result "1/2-1/2"]
[WhiteElo "2504"]
[BlackElo "2391"]
[PlyCount "46"]
[EventDate "2006.11.03"]
[EventType "team"]
[EventRounds "11"]
[EventCountry "AUT"]
[WhiteTeam "Union Ansfelden"]
[BlackTeam "SK KlZtg MPOe Maria Saal"]

1. Nf3 Nf6 2. g3 d5 3. Bg2 c6 4. d3 Bg4 5. h3 Bf5 6. Nh4 Bc8 7. O-O e5 8. e4
Bc5 9. Qe2 dxe4 10. dxe4 O-O 11. Nd2 Nbd7 12. Nc4 Re8 13. Nf5 Nf8 14. Bg5 Bxf5
15. exf5 h6 16. Rad1 Qe7 17. Bc1 e4 18. Rfe1 b5 19. Na5 Qe5 20. g4 Rac8 21. c3
Bb6 22. Nb3 N8d7 23. Qd2 Qd5 1/2-1/2

[Event "1. Bl. 0607"]
[Site "?"]
[Date "2007.03.10"]
[Round "10.6"]
[White "Hoelzl, Franz"]
[Black "Knoll, Hermann"]
[Result "1-0"]
[WhiteElo "2353"]
[BlackElo "2409"]
[PlyCount "39"]
[EventDate "2006.11.03"]
[EventType "team"]
[EventRounds "11"]
[EventCountry "AUT"]
[WhiteTeam "SK KlZtg MPOe Maria Saal"]
[BlackTeam "Union Ansfelden"]

1. d4 d5 2. c4 c6 3. Nf3 Nf6 4. e3 e6 5. Nbd2 Nbd7 6. Bd3 Bd6 7. O-O O-O 8. e4
dxe4 9. Nxe4 Nxe4 10. Bxe4 Nf6 11. Bc2 b6 12. Bg5 Re8 13. Ne5 Bb7 14. Qf3 Be7
15. Rad1 Qc7 16. Rfe1 Rf8 17. Re3 Bd8 18. Bxf6 Bxf6 19. Bxh7+ Kh8 20. Qh5 1-0

[Event "1. Bl. 0607"]
[Site "?"]
[Date "2007.03.10"]
[Round "10.3"]
[White "Shengelia, Davit"]
[Black "Loeffler, Stefan"]
[Result "1-0"]
[WhiteElo "2523"]
[BlackElo "2448"]
[PlyCount "44"]
[EventDate "2006.11.03"]
[EventType "team"]
[EventRounds "11"]
[EventCountry "AUT"]
[WhiteTeam "Styria Graz   KlZeitung"]
[BlackTeam "SK Advisory Invest Baden"]

1. d4 Nf6 2. Nf3 c6 3. c4 b5 4. Nbd2 bxc4 5. Nxc4 e6 6. e3 Ba6 7. Bd3 c5 8. O-O
d5 9. Nce5 Bxd3 10. Qxd3 Nbd7 11. b3 cxd4 12. Qxd4 Bc5 13. Qa4 O-O 14. Bb2 Rc8
15. Rac1 Nb6 16. Qa6 Ne4 17. Nd4 Qf6 18. Nb5 Qh6 19. Nxa7 Nxf2 20. Rxf2 Qxe3
21. Ng4 Qe4 22. Nxc8 Rxc8 1-0

[Event "1. Bl. 0607"]
[Site "?"]
[Date "2007.03.10"]
[Round "10.6"]
[White "Miniboeck, Guenter"]
[Black "Danner, Georg"]
[Result "1-0"]
[WhiteElo "2344"]
[BlackElo "2421"]
[PlyCount "87"]
[EventDate "2006.11.03"]
[EventType "team"]
[EventRounds "11"]
[EventCountry "AUT"]
[WhiteTeam "SK Advisory Invest Baden"]
[BlackTeam "Styria Graz   KlZeitung"]

1. d4 Nf6 2. c4 e6 3. Nf3 c5 4. d5 exd5 5. cxd5 d6 6. Nc3 g6 7. e4 Bg7 8. h3
O-O 9. Bd3 a6 10. a4 Nbd7 11. O-O Nh5 12. Re1 Re8 13. Bg5 Bf6 14. Be3 Rb8 15.
Qd2 Ne5 16. Be2 Nxf3+ 17. Bxf3 b5 18. axb5 axb5 19. Bxh5 gxh5 20. Bf4 b4 21.
Nd1 c4 22. Qe2 c3 23. bxc3 b3 24. Qxh5 Bg7 25. Re2 Re7 26. Qh4 f6 27. Qg3 Rd7
28. Rb2 Qe7 29. Ne3 Qxe4 30. Bxd6 Rb6 31. Ra8 Rbxd6 32. Rxc8+ Kf7 33. Rxb3 f5
34. Rb4 Qd3 35. Rf4 Rf6 36. Qg5 Ra7 37. Qh5+ Rg6 38. Rxf5+ Ke7 39. Qh4+ Rf6 40.
Rxf6 Bxf6 41. Qh5 Bxc3 42. Qe8+ Kf6 43. Qe6+ Kg5 44. h4+ 1-0

[Event "1. Bl. 0607"]
[Site "?"]
[Date "2007.03.10"]
[Round "10.1"]
[White "Bischoff, Klaus"]
[Black "Bokros, Albert"]
[Result "1/2-1/2"]
[WhiteElo "2532"]
[BlackElo "2465"]
[PlyCount "52"]
[EventDate "2006.11.03"]
[EventType "team"]
[EventRounds "11"]
[EventCountry "AUT"]
[WhiteTeam "SC Die Klagenfurter"]
[BlackTeam "SK Leoben"]

1. c4 e5 2. g3 Nf6 3. Bg2 d5 4. cxd5 Nxd5 5. Nf3 Nc6 6. O-O Nb6 7. d3 Be7 8.
Nbd2 O-O 9. a3 Re8 10. b4 Bf8 11. Bb2 a6 12. Rc1 f6 13. Qc2 Be6 14. Nb3 Qd7 15.
Nfd2 Qf7 16. Nc5 Bxc5 17. bxc5 Nd5 18. e4 Nde7 19. f4 exf4 20. gxf4 f5 21. Rf3
Rad8 22. Rg3 Ng6 23. Rf1 Qd7 24. Qd1 Qe7 25. Qc2 Qd7 26. Qd1 Qe7 1/2-1/2

[Event "1. Bl. 0607"]
[Site "?"]
[Date "2007.03.10"]
[Round "10.3"]
[White "Horvath, Jozsef"]
[Black "Bachler, Reinhard"]
[Result "1-0"]
[WhiteElo "2539"]
[BlackElo "2270"]
[PlyCount "65"]
[EventDate "2006.11.03"]
[EventType "team"]
[EventRounds "11"]
[EventCountry "AUT"]
[WhiteTeam "SC Die Klagenfurter"]
[BlackTeam "SK Leoben"]

1. Nf3 Nf6 2. c4 c5 3. Nc3 d6 4. d4 cxd4 5. Nxd4 e6 6. g3 a6 7. Bg2 Be7 8. b3
O-O 9. O-O Qc7 10. Bb2 Nc6 11. Rc1 Nxd4 12. Qxd4 Rb8 13. Rfd1 b6 14. Qf4 Bb7
15. g4 Bxg2 16. Kxg2 b5 17. cxb5 Qb7+ 18. f3 axb5 19. g5 Ne8 20. Ne4 b4 21. Kh1
e5 22. Qg4 Qa6 23. Rd2 d5 24. Bxe5 dxe4 25. Bxb8 f5 26. Qg3 h6 27. gxh6 Qxh6
28. Bf4 Qe6 29. fxe4 fxe4 30. e3 Bf6 31. Qg6 Rf7 32. Rd8 Rf8 33. Rdc8 1-0

[Event "1. Bl. 0607"]
[Site "?"]
[Date "2007.03.10"]
[Round "10.4"]
[White "Kreisl, Robert"]
[Black "Pilaj, Herwig"]
[Result "1/2-1/2"]
[WhiteElo "2289"]
[BlackElo "2373"]
[PlyCount "32"]
[EventDate "2006.11.03"]
[EventType "team"]
[EventRounds "11"]
[EventCountry "AUT"]
[WhiteTeam "SK Leoben"]
[BlackTeam "SC Die Klagenfurter"]

1. e4 e6 2. d4 d5 3. Nc3 Bb4 4. e5 c5 5. a3 Bxc3+ 6. bxc3 Qa5 7. Bd2 Qa4 8. Qg4
Kf8 9. Qd1 b6 10. c4 Ne7 11. dxc5 bxc5 12. c3 Qxd1+ 13. Rxd1 Nd7 14. Nf3 Rb8
15. cxd5 Nxd5 16. c4 Ne7 1/2-1/2

[Event "1. Bl. 0607"]
[Site "?"]
[Date "2007.03.10"]
[Round "10.5"]
[White "Moser, Guenter"]
[Black "Dietmayer Kraeutler, Marco"]
[Result "0-1"]
[WhiteElo "2369"]
[BlackElo "2262"]
[PlyCount "68"]
[EventDate "2006.11.03"]
[EventType "team"]
[EventRounds "11"]
[EventCountry "AUT"]
[WhiteTeam "SC Die Klagenfurter"]
[BlackTeam "SK Leoben"]

1. d4 d5 2. Bf4 Nf6 3. e3 e6 4. Nd2 c5 5. c3 Nc6 6. Ngf3 Be7 7. h3 O-O 8. Bd3
b6 9. Qe2 Bd6 10. Bxd6 Qxd6 11. dxc5 bxc5 12. e4 Qc7 13. O-O Rb8 14. b3 Qa5 15.
e5 Nd7 16. Rfc1 f5 17. exf6 Rxf6 18. Ng5 Nf8 19. Qh5 g6 20. Qh4 Kg7 21. Qg3 e5
22. b4 cxb4 23. cxb4 Rxb4 24. Rxc6 Rxc6 25. Qxe5+ Kg8 26. Nb3 Qd8 27. Rd1 Bb7
28. Be2 Qf6 29. Qe3 Rc7 30. Na5 Re7 31. Qc5 Rxe2 32. Nxb7 Rxb7 33. Qxd5+ Rf7
34. f4 Qxf4 0-1

[Event "1. Bl. 0607"]
[Site "?"]
[Date "2007.03.10"]
[Round "10.6"]
[White "Sachsenhofer, Michael"]
[Black "Genser, Harald"]
[Result "0-1"]
[WhiteElo "2144"]
[BlackElo "2334"]
[PlyCount "60"]
[EventDate "2006.11.03"]
[EventType "team"]
[EventRounds "11"]
[EventCountry "AUT"]
[WhiteTeam "SK Leoben"]
[BlackTeam "SC Die Klagenfurter"]

1. e4 c5 2. Nc3 Nc6 3. g3 g6 4. Bg2 Bg7 5. d3 d6 6. Be3 e6 7. Qd2 Rb8 8. Nf3
Nd4 9. O-O b5 10. Nd1 b4 11. c3 bxc3 12. bxc3 Nxf3+ 13. Bxf3 Ne7 14. Bh6 O-O
15. Bxg7 Kxg7 16. Ne3 Ba6 17. Rfb1 Qa5 18. Ng4 Ng8 19. h4 h5 20. Ne3 Nf6 21. d4
cxd4 22. Qxd4 Rxb1+ 23. Rxb1 Qxa2 24. Rd1 Be2 25. Bxe2 Qxe2 26. Qxa7 e5 27. Qa4
Qf3 28. Qc2 Nxe4 29. Nc4 Nxf2 30. Rxd6 Qh1+ 0-1

[Event "1. Bl. 0607"]
[Site "?"]
[Date "2007.03.11"]
[Round "11.2"]
[White "Dizdar, Goran"]
[Black "Horvath, Peter"]
[Result "1-0"]
[WhiteElo "2541"]
[BlackElo "2451"]
[PlyCount "95"]
[EventDate "2006.11.03"]
[EventType "team"]
[EventRounds "11"]
[EventCountry "AUT"]
[WhiteTeam "SpG Absam / ISK"]
[BlackTeam "SK Leoben"]

1. d4 d5 2. c4 e6 3. Nf3 Nf6 4. e3 c5 5. cxd5 exd5 6. Bb5+ Bd7 7. Bxd7+ Qxd7 8.
O-O Nc6 9. b3 cxd4 10. Nxd4 Be7 11. Bb2 O-O 12. Nd2 a5 13. a4 Nb4 14. N2f3 Qg4
15. h3 Qe4 16. Ne2 Rac8 17. Ng3 Qc2 18. Rb1 Qxd1 19. Rfxd1 g6 20. Rbc1 Ne4 21.
Rxc8 Rxc8 22. Nxe4 dxe4 23. Rd7 Kf8 24. Ne5 b6 25. Nc4 Nd3 26. Bd4 Bc5 27. Nxb6
Rb8 28. Bxc5+ Nxc5 29. Rd5 Rxb6 30. Rxc5 Rxb3 31. g4 h6 32. h4 Rb4 33. Rxa5
Rb1+ 34. Kg2 Ra1 35. g5 hxg5 36. hxg5 Ra2 37. Ra7 Kg7 38. a5 Ra4 39. Kg3 Ra2
40. a6 Kf8 41. Kf4 Rxf2+ 42. Kxe4 Ra2 43. Kd4 Ra5 44. e4 Kg7 45. e5 Kf8 46. Kc4
Ra1 47. Ra8+ Kg7 48. Kb5 1-0

[Event "1. Bl. 0607"]
[Site "?"]
[Date "2007.03.11"]
[Round "11.3"]
[White "Bachler, Reinhard"]
[Black "Teske, Henrik"]
[Result "0-1"]
[WhiteElo "2270"]
[BlackElo "2524"]
[PlyCount "40"]
[EventDate "2006.11.03"]
[EventType "team"]
[EventRounds "11"]
[EventCountry "AUT"]
[WhiteTeam "SK Leoben"]
[BlackTeam "SpG Absam / ISK"]

1. f4 d5 2. g3 Nc6 3. d4 Bf5 4. Bg2 e6 5. c3 Bd6 6. Nf3 Nf6 7. Ne5 O-O 8. Nd2
Ne7 9. h3 c5 10. e3 Rc8 11. O-O b5 12. g4 Bg6 13. h4 cxd4 14. exd4 b4 15. f5
exf5 16. h5 Bxe5 17. hxg6 Nxg4 18. gxh7+ Kh8 19. dxe5 Qb6+ 20. Kh1 Qh6+ 0-1

[Event "1. Bl. 0607"]
[Site "?"]
[Date "2007.03.11"]
[Round "11.4"]
[White "Pilz, Dieter"]
[Black "Kreisl, Robert"]
[Result "1/2-1/2"]
[WhiteElo "2325"]
[BlackElo "2289"]
[PlyCount "124"]
[EventDate "2006.11.03"]
[EventType "team"]
[EventRounds "11"]
[EventCountry "AUT"]
[WhiteTeam "SpG Absam / ISK"]
[BlackTeam "SK Leoben"]

1. Nf3 Nf6 2. g3 g6 3. Bg2 Bg7 4. O-O d5 5. c4 c6 6. cxd5 cxd5 7. d4 Nc6 8. Nc3
Ne4 9. Qb3 O-O 10. e3 Na5 11. Qb4 Nc6 12. Qa3 Nxc3 13. Qxc3 Qd6 14. Bd2 Bg4 15.
Qb3 Rfc8 16. Bc3 Rc7 17. h3 Bxf3 18. Bxf3 e6 19. Rad1 Rd8 20. Kg2 b6 21. Qa4
Bf8 22. a3 h5 23. h4 Rb8 24. e4 b5 25. Qb3 b4 26. axb4 Nxb4 27. exd5 exd5 28.
Bd2 Qd8 29. Bg5 Be7 30. Bf4 Bd6 31. Bd2 Bf8 32. Qa4 Nc6 33. Qa2 Nb4 34. Bxb4
Rxb4 35. Bxd5 Bg7 36. Rd2 Rxd4 37. Rfd1 Rxd2 38. Rxd2 Qf6 39. Rd3 Kh7 40. b4
Qa1 41. Bxf7 Qxa2 42. Bxa2 Rb7 43. Rd6 Rb6 44. Rd7 Rxb4 45. Rxa7 Rb6 46. Bd5
Rd6 47. Be4 Kh6 48. f3 Re6 49. Rd7 Bf6 50. Kh3 Be7 51. Rb7 Bf6 52. Bb1 Re7 53.
Rb6 Kg7 54. Be4 Re8 55. Rb4 Re6 56. g4 hxg4+ 57. fxg4 Be7 58. Ra4 Rb6 59. Ra7
Rb3+ 60. Kg2 Kf8 61. g5 Rb4 62. Kf3 Rb3+ 1/2-1/2

[Event "1. Bl. 0607"]
[Site "?"]
[Date "2007.03.11"]
[Round "11.2"]
[White "Horvath, Csaba"]
[Black "Siebrecht, Sebastian"]
[Result "1/2-1/2"]
[WhiteElo "2538"]
[BlackElo "2457"]
[PlyCount "24"]
[EventDate "2006.11.03"]
[EventType "team"]
[EventRounds "11"]
[EventCountry "AUT"]
[WhiteTeam "SC Die Klagenfurter"]
[BlackTeam "SK Advisory Invest Baden"]

1. d4 d5 2. c4 c6 3. Nf3 Nf6 4. Nc3 e6 5. Bg5 h6 6. Bxf6 Qxf6 7. e3 Nd7 8. Bd3
Qd8 9. O-O Be7 10. e4 dxe4 11. Nxe4 O-O 12. Qe2 Re8 1/2-1/2

[Event "1. Bl. 0607"]
[Site "?"]
[Date "2007.03.11"]
[Round "11.3"]
[White "Loeffler, Stefan"]
[Black "Horvath, Jozsef"]
[Result "1/2-1/2"]
[WhiteElo "2448"]
[BlackElo "2539"]
[PlyCount "24"]
[EventDate "2006.11.03"]
[EventType "team"]
[EventRounds "11"]
[EventCountry "AUT"]
[WhiteTeam "SK Advisory Invest Baden"]
[BlackTeam "SC Die Klagenfurter"]

1. d4 e6 2. c4 Nf6 3. Nf3 c5 4. d5 d6 5. Nc3 exd5 6. cxd5 g6 7. h3 Bg7 8. e4
O-O 9. Bd3 a6 10. a4 Nbd7 11. Bf4 Qe7 12. O-O Nh5 1/2-1/2

[Event "1. Bl. 0607"]
[Site "?"]
[Date "2007.03.11"]
[Round "11.4"]
[White "Pilaj, Herwig"]
[Black "Lendwai, Reinhard"]
[Result "1/2-1/2"]
[WhiteElo "2373"]
[BlackElo "2428"]
[PlyCount "22"]
[EventDate "2006.11.03"]
[EventType "team"]
[EventRounds "11"]
[EventCountry "AUT"]
[WhiteTeam "SC Die Klagenfurter"]
[BlackTeam "SK Advisory Invest Baden"]

1. c4 e5 2. g3 f5 3. Bg2 Nf6 4. Nc3 g6 5. d3 Bg7 6. Nf3 d6 7. O-O O-O 8. Bg5 h6
9. Bxf6 Bxf6 10. Rc1 Nc6 11. Nd2 Bg7 1/2-1/2

[Event "1. Bl. 0607"]
[Site "?"]
[Date "2007.03.11"]
[Round "11.2"]
[White "Markus, Robert"]
[Black "Ragger, Markus"]
[Result "1-0"]
[WhiteElo "2560"]
[BlackElo "2487"]
[PlyCount "67"]
[EventDate "2006.11.03"]
[EventType "team"]
[EventRounds "11"]
[EventCountry "AUT"]
[WhiteTeam "Styria Graz   KlZeitung"]
[BlackTeam "SK KlZtg MPOe Maria Saal"]

1. d4 Nf6 2. c4 e6 3. Nf3 d5 4. Nc3 dxc4 5. e3 a6 6. Bxc4 c5 7. O-O b5 8. Bd3
Bb7 9. Qe2 Nbd7 10. a4 b4 11. Nb1 cxd4 12. exd4 a5 13. Bf4 Be7 14. Nbd2 O-O 15.
Rfc1 Nd5 16. Bg3 N7f6 17. Ne5 Nb6 18. Nc6 Bxc6 19. Rxc6 Rc8 20. Rxc8 Qxc8 21.
Nb3 Qa8 22. Bc7 Nbd5 23. Be5 Nd7 24. Bg3 Qa7 25. Rc1 N7b6 26. Bb5 h6 27. Rc6
Bf6 28. Qe4 Rc8 29. Qc2 Rd8 30. Bd6 Qa8 31. g3 Rc8 32. Qc5 Ne7 33. Bxe7 Bxe7
34. Qxb6 1-0